Statystyki dla Polski Rap

Kliknij tutaj aby rozwiązać quiz!

Ogólne statystyki

  • Ten quiz został rozwiązany 41 razy
    (29 od ostatniego zresetowania)
  • Średni wynik to 14 z 169

Statystyki odpowiedzi

WykonawcaTytułAlbum% Poprawnych
Zeamsone5 Influencerek???
67%
Reto ft.KizoFelgaSTYXXX
41%
Kizo ft. BletkaTAXIPatocelebryta
41%
BambiMillie WalkyIn real life
37%
Bambi ft. Young LeosiaBFFIn real life
30%
Alberto ft. Josef BratanLa MangaSmak Wakacji
30%
Sentino ft. Nitro Masny BenTrójkąt Bermudzki
30%
Sb Mafija ft. Bandura DzinoldBungeeHotel Mafija 3
26%
Mata ft. PopekNasza Klasa ale to DrillMłody Matczak
26%
Young MultiSólToxic
26%
Kizo ft. Malik MontanaCzempionCzempion
22%
2115 ft. Taco HemingwayDRESSCODERodzinny Biznes
22%
Fukaj ft. BambiNie ma cięPreludium
22%
Malik Montana ft. NLE CHOPPAOstre PestkiAdwokat Diabła
22%
Smolasty ft. 730HunchoPijemy za lepszy czasAlmost Goat
22%
Białas ft. SobelUZINewcomer
22%
Reto ft. AviBMWW samo południe
19%
Miszel ft. KabedresNo Face
19%
OKI ft. Sobel Young IgiDzielny PacjentProdukt47
19%
BambiIRLIn real life
19%
OKIJeremy Sochan
19%
Blacha 2115Jolie Jolie
19%
Kubanna okragłospokój
19%
Fukaj ft. MataOwoce 33Preludium
19%
Gibbs ft. KiełasPiękny ŚwiatDOPEHOUSE MIXTAPE
19%
Rusina10 pakEnergia wygrywania
15%
Zeamsone21 gramów???
15%
Białas ft. White 2115BotoksNewcomer
15%
SentinoMidas
15%
Young Multi ft. White WidowOSCARTOXIC
15%
Jacuś ft. Young LeosiaPiątek Wieczór
15%
Asster ft. Malik MontanaRondoMowa Węży
15%
OKISprzedałem Sie
15%
Diho ft. Alberto Josef Bratan BibicSzybyGM2L Mixtape
15%
Dj Decks ft. Mata WolaBiernik (kogo? co?)Mixtape 8
11%
Reto ft. BiałasBogowie nie krwawiąSTYXXX
11%
KizoDisneyJeszcze 5 Minut
11%
Taco Hemingway ft. Bedoes 2115EuropaEuropa
11%
Kronkel DomGuten TagGuten Tag
11%
OKIJeżykProdukt47
11%
Club2020LandLordclub2020
11%
OIOMVPOIO
11%
Otsochodzi ft.Pako SzopeenPaczkomatTarcho Terror
11%
White 2115RIRIPretty Boy
11%
Żabson & Young IgiRobotniczy TrapAmfisbena
11%
MataSchodki100 dni do matury
11%
OKISonic skitProdukt47
11%
Żabson ft. Kronkel DomSupersizeOstatni ziomal
11%
Białas ft. SmolastyToniemyH8M5
11%
Jan RapowanieTryb SamolotowyBufor
11%
White 211518Pretty Boy
7%
SzpakuAfrykaDDZPPM
7%
Deemz ft. Białas SzpakuBólSauce
7%
Dziarma ft. SzpakuBomby
7%
Kizo ft. Kabe Reto Gruby MIELZKY BorixonCOLOSEUM
7%
SmolastyDuże oczy
7%
Kizo ft. RetoFiu FiuPatocelebryta
7%
Chivas ft. White 2115 SzpakuHelcat Redeyenauczyłem sie przeklinać
7%
Young IgiICY BABYNotatki z Marginesu
7%
2115KetchupRodzinny Biznes
7%
SB MafijaKlasyczny TrapHotel Mafija 3
7%
Białas ft. SłońKlękaj przed PanemMurem za Bonusem
7%
Young Igi ft. PikersKushTrappist
7%
Kizo ft. Wac TojaLucky PunchPosejdon
7%
Białas ft. ZuiMali ludzie Wielkie niebaH8M4
7%
Kaz Balagane ft. SzpakuMoonrockB&B Warszawa
7%
KabeNad RanemMówgli
7%
Kalush Orchestra ft. SzpakuNasze Domy
7%
Zetha ft. RetoNie bierz (ze mnie przykładu)
7%
Sobel ft. Young IgiNie TerazPułapka na Motyle
7%
Diffi ft. WaimaOnce or Twice
7%
Smolasty ft. KizoPapito
7%
RetoPawW samo Południe
7%
Białas ft. RetoPiekłoMurem za Bonusem
7%
Zetha ft.Zabson OlszakumpelPolskie ciężkie trapisko
7%
Taco HemingwayPolskie TangoJarmark
7%
FukajPrzegrałem z FukajemPre-Preludium
7%
Deemz ft. Young Igi QryPtakSauce
7%
Malik Montana ft. DihoRose MoetNaaajak
7%
WaimaSam
7%
WłodarSie Wjeżdża
7%
Sb MafijaSQNHEADHotel Mafija 3
7%
Young Igi ft.WłodiTHCSkan Myśli
7%
White WidowTyle Słońca
7%
Jan rapowanieUkładankaPlansze
7%
Deemz ft. Reto ŻabsonWasabiSauce
7%
ChivasXONauczyłem sie przeklinać
7%
Alberto ft. Josef BratanZ bratem zarabiam papierMiejska Dżungla
7%
Chillwagon3wagon
4%
Kronkel DomAgnieszkaGuten Tag
4%
RetoBalonSTYXXX
4%
Kronkel Dom ft. RetoBandoleroGuten Tag
4%
Trill Pem ft. Young JacobBlok
4%
PikersBudda
4%
Malik MontanaCHEESEAdwokat Diabła
4%
Szpaku ft. KadobeFanloveRóżowa Pantera
4%
RetoFluid
4%
RetoGitaraW samo południe
4%
AymiHej Mała
4%
ChivasJak bym miał w reku klamkeNauczyłem sie przeklinać
4%
Kuban ft. SzpakuJak nie wróce po północyspokój
4%
MATAJestem pojebany
4%
Wac Toja ft.VHSKarmel
4%
Trill PEMKiedy zlamiesz serce miSo Dope!
4%
RetoKlejSTYXXX
4%
ChivasKoleżanko mojej byłejMłody say10
4%
Alberto ft. MiszelKopy na glowe
4%
ChilwagonMalpaChillwagon
4%
BiałasMateusz JordanNewcomer
4%
MataMłody paderewski
4%
Trill Pem ft. Wac TojaNICKISO! Fresh
4%
SolarNigdy Wiecej 2022
4%
ŻabsonOBOKZiomalski Mixtape
4%
QueQualityOdda do ButliQmple
4%
Janusz WalczukoffsideJanusz Walczuk
4%
Malik Montana ft.SzamzOMDBAdwokat Diabła
4%
White 2115PapierosRockstar: do zachodu słońca
4%
ChillwagonPuff Puff
4%
Miszel x KabeRararaZłote Przeboje
4%
White WidowRide With My BoysParę głów dalej
4%
ChillwagonRowerChillwagon
4%
Wac TojaScooby dooPlasma
4%
Kacperczyk ft. Julia WieniawaSebixy
4%
Alberto ft. Josef BratanSzkołaSmak Wakacji
4%
RetoTabletka na półSTYXXX
4%
Zetha ft. ŻabsonTak musiało byćPopkiler Młode Wilki
4%
Young IgiTrzeba Mieć
4%
Sarius ft. SzpakuZapomnij o Mnie
4%
2115 ft. Risk TakersZero Snu
4%
BiałasZosiaNEWCOMER
4%
Kubańczyk300
0%
Malik Montana3 telefonyAdwokat Diabła
0%
Gombao33Arizona (2013-2016)CBW Mixtape
0%
Jan RapowanieBąbelekUśmiech
0%
RetoBlaskW samo południe
0%
White 2115Broly
0%
Kronkel DomCriminalLamif Ep
0%
Sb MafijaDo zobaczeniaHotel Mafija 2
0%
Young IgiDredKonfetti
0%
AviGelendaMłody Książe
0%
Malik MontanaGłosy w GłowieAdwokat Diabła
0%
Majkel Buszu ft. OlszakumpelGram se w fife
0%
Kubańczyk ft.Kazior Młody Kret KrupekHolandia
0%
KacperczykJakbym zjadł mentosa i popił je colą
0%
Kaz BalagneJak życ w WWAB&B Warszawa
0%
Kukon ft. Julia MikułaKokaina nie pomoże ci w depresjiDRAMAT
0%
Club2020Late Night Showclub2020
0%
Saful ft. RetoLC500
0%
AlbertoMały GnójMiejska Dżungla
0%
MataMC
0%
SzpakuMłody 2pacRóżowa Pantera
0%
Qry ft. KizoMottoDzieci w Samochodach
0%
Diho ft. Malik Montana Kaz BalaganeNie ma sprawyMorda nie szklanka
0%
Club2020No Weźclub2020
0%
RetoOlimp
0%
Yung Adisz ft. GottastralOszukaj przeznaczenie
0%
Reto x ZethaParty2022Bon Appetit
0%
Gibbs(Po)ciąg dalszy nastąpiCzarno na Bialym
0%
QueQualityPokolenie ale to QmpleQMPLE
0%
Malik Montana KaziorSelf MadeGM2L Mixtape
0%
Kronkel DomTaki był planGuten tag
0%
RetoTańcz ze mnąSTYXXX
0%
Janusz WalczukTi Amo
0%
Malik MontanaUntouchable FreestyleAdwokat Diabła
0%
Malik MontanaWjazdAdwokat Diabła
0%
ChillwagonZbastuj bajerke2.0
0%
Kaz Balagane ft. RetoZgubyB&B Warszawa
0%
GibbsZłoty ChłopakSAFE
0%
QryZnajde CieDzieci w samochodach
0%

Rozkład punktacji

Percentyl według liczby udzielonych odpowiedzi

Procent ludzi z każdym wynikiem

Twoja historia wyników

Nie rozwiązałeś tego quizu od ostatniego zresetowania